| 000 | 00476nam a2200181Ia 4500 | ||
|---|---|---|---|
| 008 | 191130s2007##################000#0#eng## | ||
| 020 | _a9781591025467 | ||
| 040 |
_aACL _cACL |
||
| 082 | _a813.54 RES | ||
| 100 | _aResnick, Mike | ||
| 245 |
_aIvory : a legend of past and future _cMike Resnick |
||
| 260 |
_aAmherst, NY _bPyr _c2007 |
||
| 300 | _a322 p | ||
| 650 | _aEnglish Fiction | ||
| 990 | _a8bcbd11eac10000c723ffc9805f6d213 | ||
| 991 | _a327106 | ||
| 999 |
_c222232 _d222232 |
||